Introduction to risk management and insurance/ (Record no. 56)
[ view plain ]
| 000 -LEADER | |
|---|---|
| fixed length control field | 00526nam a2200181Ia 4500 |
| 003 - CONTROL NUMBER IDENTIFIER | |
| control field | OSt |
| 005 - DATE AND TIME OF LATEST TRANSACTION | |
| control field | 20230324143533.0 |
| 008 - FIXED-LENGTH DATA ELEMENTS--GENERAL INFORMATION | |
| fixed length control field | 221012s9999||||xx |||||||||||||| ||und|| |
| 020 ## - INTERNATIONAL STANDARD BOOK NUMBER | |
| International Standard Book Number | 9788120327689 |
| 040 ## - CATALOGING SOURCE | |
| Transcribing agency | Chuka University Library |
| 050 ## - LIBRARY OF CONGRESS CALL NUMBER | |
| Classification number | HG 8054.5 |
| Item number | .D67 2005 |
| 100 ## - MAIN ENTRY--PERSONAL NAME | |
| Personal name | Dorfman, Mark S. |
| 9 (RLIN) | 107 |
| 245 #0 - TITLE STATEMENT | |
| Title | Introduction to risk management and insurance/ |
| Statement of responsibility, etc. | Mark S. Dorfman |
| 260 ## - PUBLICATION, DISTRIBUTION, ETC. | |
| Place of publication, distribution, etc. | New Delhi: |
| Name of publisher, distributor, etc. | Prentice Hall of India, |
| Date of publication, distribution, etc. | 2005. |
| 300 ## - PHYSICAL DESCRIPTION | |
| Extent | 575 P. |
| Other physical details | Includes Index |
| 650 ## - SUBJECT ADDED ENTRY--TOPICAL TERM | |
| Topical term or geographic name entry element | Insurance |
| 9 (RLIN) | 103 |
| 942 ## - ADDED ENTRY ELEMENTS (KOHA) | |
| Koha item type | Long Loan Books |
| Source of classification or shelving scheme | Library of Congress Classification |
| Withdrawn status | Lost status | Damaged status | Not for loan | Collection | Home library | Current library | Shelving location | Date acquired | Total Checkouts | Full call number | Barcode | Date last seen | Price effective from | Koha item type |
|---|---|---|---|---|---|---|---|---|---|---|---|---|---|---|
| General Collection Books | Main Campus Library | Main Campus Library | Business Studies Library | 12/10/2022 | BSL HG 8054.5 .D67 2005 | 4421/2009 | 12/10/2022 | 12/10/2022 | Long Loan Books |
